000 00317nam a22001457a 4500
008 211011b ||||| |||| 00| 0 eng d
020 _a9780133984880
041 _aeng
080 _26th
_a004
082 _a004
100 _a28
101 _aSHKI
245 _aDigital Fundamentals
_cFloyd,Th.L
942 _2udc
_cBK
999 _c58122
_d58122